| 000 | 00389nam a2200145Ia 4500 | ||
|---|---|---|---|
| 008 | 230312s9999||||xx |||||||||||||| ||und|| | ||
| 020 | _a93-325-1886-5 | ||
| 082 |
_a621.382 _bSTA-D |
||
| 100 | _aStallings;William | ||
| 245 | 0 | _aData and Computer Communications | |
| 260 |
_bPearson _aIndia _c2014 |
||
| 300 | _a864 | ||
| 650 |
_aEngineering _vElectrical Engineering/Computer |
||
| 942 | _cBK | ||
| 999 |
_c10619 _d10619 |
||